LEADER 00972nas a2200205 4500 001 000000354386 003 CaOOAMICUS 005 20241104095445.0 008 230623d20172019xxuuu 0 0eng r 040 $aSeMil$bita 245 00$aCatholic theological ethics in the world church$h[generale di collana]. 264 1$aMaryknoll, New York :$bOrbis Books,$c2017-2019. 300 $av. ;$c24 cm 362 0 $a2017-2019 830 0$aCatholic theological ethics in the world church.$0(OLS)http://semarc/title/258155 850 $aSeMil 852 $aSeMil$W1$xVenegono$y1$mVedi "Titolo uniforme di collana" per le collocazioni dei singoli volumi$j222888$qSottoscrizione conclusa: collana cessata$B245645$CSeMilBibl$Z2$F245645 $81 996 $6245$aCatholic theological ethics in the world church$h[generale di collana]$9(OLS)http://semarc/title/444523 996 $6264$aMaryknoll, New York :$bOrbis Books$9(OLS)http://semarc/publisher/35261 LEADER 00867nam a2200169 i 4500 001 000000215907 003 CaOOAMICUS 005 20121106000000.0 008 121106s1873 xx u000 u lat u 013 $a194782 040 $aSeMil$bita 245 10$aPars 1, 75.-119. Prima secundae 1.-39. :$bDe anima. De primo homine. De gubernatione rerum in genere. De actibus humanis. De passionibus. 300 $a635 p. 773 0 $aTommaso : d'Aquino $tS. Thomae Aquinatis Summa theologica.$bEdictio octava.$d[Paris] : Barri-Ducis, Ludovicus Guérin, 1873.$g2$w()11219 850 $aSeMil 852 $aSeMil$W1$xVenegono$y1$m2C III 35 FA$j166327$B166327$CSeMilBibl$Z2$F177252 $8I 996 $6245$aPars 1, 75.-119. Prima secundae 1.-39. :$bDe anima. De primo homine. De gubernatione rerum in genere. De actibus humanis. De passionibus$9(OLS)http://semarc/title/310686